[Event "Candidates final"]
[Site "Kuala Lumpur"]
[Date "1990.03.08"]
[Round "1"]
[White "Timman, Jan H"]
[Black "Karpov, Anatoly"]
[Result "0-1"]
[WhiteElo "2680"]
[BlackElo "2730"]
[Annotator "Tischbierek,R"]
[PlyCount "72"]
[EventDate "1990.03.??"]
[EventType "match"]
[EventRounds "12"]
[EventCountry "MAS"]
[SourceTitle "Candidates"]
[Source "ChessBase"]
[SourceDate "1999.07.01"]
[SourceVersion "2"]
[SourceVersionDate "1999.07.01"]
[SourceQuality "1"]

1. e4 e5 2. Nf3 Nc6 3. Bb5 a6 4. Ba4 Nf6 5. O-O Be7 6. Re1 b5 7. Bb3 d6 8. c3
O-O 9. h3 Bb7 10. d4 Re8 11. Nbd2 (11. Ng5 Rf8 12. Nf3 Re8 13. Ng5 $10) 11...
Bf8 12. a4 (12. a3) 12... h6 13. Bc2 exd4 14. cxd4 Nb4 15. Bb1 bxa4 (15... c5
16. d5 Nd7 17. Ra3 c4 18. Nd4 $36 {Kasparov,G-Karpov,An (16)/Wch-Leningrad/
1986/41/1-0/ 40/1-0/; game14: 18.ab5 ab5 19.Nd4}) 16. Rxa4 a5 17. Ra3 Ra6 18.
Nh4 $2 (18. Nh2 g6 19. Ng4 (19. f4 $5 d5 $1 20. e5 Ne4 21. Ng4 c5 22. Nxe4 dxe4
23. dxc5 Bxc5+ 24. Be3 Bf8 25. Nf6+ Rxf6 26. Qxd8 Rxd8 27. exf6 Nd3 28. Rd1
Bxa3 29. bxa3 Bd5 $10 {Ivanchuk-Karpov/Linares/1989/1/2}) 19... Nxg4 20. Qxg4
c5 21. dxc5 dxc5 22. e5 $5 Qd4 $1 23. Qg3 Rae6 24. Rae3 c4 $132 {
Hjartarson-Karpov (5)/Seattle cq/1989/1/2,32/}) 18... Nxe4 $1 19. Nxe4 (19.
Bxe4 d5) 19... Bxe4 (19... Qxh4 $4 20. Nf6+) 20. Bxe4 d5 $15 {Die Züge 18.-20.
wurden in einer Analyse der erwähnten Partie Hjartason-Karpov von Karpov als
schlechte Variante für Weiß angegeben.(NiC Yb13,p76)} (20... Qxh4 $4 21. Bh7+)
21. Rae3 (21. Bb1 Rxe1+ 22. Qxe1 Qxh4) 21... Rae6 22. Bg6 $2 (22. Bxd5 Qxd5 (
22... Rxe3 $2 23. Bxf7+ Kxf7 24. Qh5+) 23. Nf3 {+/=/= (Feld d5)}) 22... Qxh4 (
22... Rxe3 $2 23. Bxf7+) 23. Rxe6 Rxe6 24. Rxe6 fxe6 {-/+/-+} 25. Be3 Qf6 26.
Qg4 (26. Bb1 {/\ Qa4} e5 $1 {-/+/-+} (26... c5 $2 27. dxc5 Qxb2 28. Bd4 Qa3 29.
Qe1 Kf7 30. Bg6+ $1 Kxg6 31. Qxe6+ Kh7 32. Qf5+ Kg8 33. Qe6+ $10)) 26... Bd6
27. h4 Nc6 28. Be8 (28. Bxh6 $2 Ne7 $1 $19) 28... Ne7 29. Bd7 Nf5 30. h5 Kf7
31. Bc8 Ke7 32. b3 $2 (32. g3 $2 Bxg3) (32. Ba6 Qh4 (32... e5 $6 33. Bc8 exd4
$2 34. Bd2) 33. Qxh4+ Nxh4 $19) 32... c5 $19 33. Qe2 (33. dxc5 $4 Qa1+) 33...
cxd4 34. Bd2 d3 35. Qd1 (35. Qxd3 $2 Qa1+ 36. Qf1 Bh2+) 35... Qh4 36. g3 Nxg3 (
36... Nxg3 37. fxg3 Qxg3+ 38. Kf1 Bc5 {/\ Qg1#, Qf2#}) 0-1

[Event "Candidates final"]
[Site "Kuala Lumpur"]
[Date "1990.03.26"]
[Round "9"]
[White "Timman, Jan H"]
[Black "Karpov, Anatoly"]
[Result "0-1"]
[WhiteElo "2680"]
[BlackElo "2730"]
[Annotator "Tischbierek,R"]
[PlyCount "112"]
[EventDate "1990.03.??"]
[EventType "match"]
[EventRounds "12"]
[EventCountry "MAS"]
[SourceTitle "Candidates"]
[Source "ChessBase"]
[SourceDate "1999.07.01"]
[SourceVersion "2"]
[SourceVersionDate "1999.07.01"]
[SourceQuality "1"]

1. e4 {Razuvaev,Riemersma} e5 2. Nf3 Nc6 3. Bb5 a6 4. Ba4 Nf6 5. O-O Be7 6. Re1
b5 7. Bb3 d6 8. c3 O-O 9. h3 Bb7 10. d4 Re8 11. Nbd2 Bf8 12. a4 h6 13. Bc2 exd4
14. cxd4 Nb4 15. Bb1 c5 16. d5 Nd7 17. Ra3 f5 {Razuvaev} 18. Rae3 (18. exf5) (
18. exf5 Nf6 19. Nh2 Rxe1+ 20. Qxe1 Qe7 21. Qf1 Re8 22. axb5 Qe1 23. Ng4 Nxg4
24. hxg4 axb5 25. Nf3 Qxf1+ 26. Kxf1 Bxd5 $15 {Vasjukov-Razuvaev/Moskau/1987/})
18... f4 (18... fxe4 19. Rxe4 (19. Nxe4 Nxd5 20. R3e2 N7f6 21. Qc2 $146 {
Riemersma}) 19... Rxe4 20. Nxe4 $16) 19. R3e2 (19. Ra3 Qf6 $6 {>= Ne5, Qd8(><
a5)= Riemersma} 20. Nb3 Nb6 $6 21. Na5 Rab8 22. axb5 axb5 23. Nxb7 Rxb7 24. Bd2
Nc4 25. Bc3 Ne5 26. Qe2 $16 {De Firmian-Ivanov/Chicago/1988/}) 19... Ne5 20.
Nf1 Nxf3+ (20... c4 $5) (20... g5 $5) 21. gxf3 Qh4 22. Nh2 Re5 23. Qd2 $1 Qxh3
(23... Rg5+ 24. Ng4 h5 25. Qxf4 Be7 26. Qg3 Qxg3+ 27. fxg3 hxg4 28. Bxg5 Bxg5
29. f4 $16) (23... g5 24. Kg2 (24. Ng4 $2 Qxh3 25. Nxe5 dxe5 {/\ 26... g4 -+})
24... Bc8 25. Ng4 h5 26. Rh1 $1 $16) 24. Qxf4 bxa4 25. Qg4 Qxg4+ 26. Nxg4 Ree8
27. f4 a5 28. f3 Ba6 29. Rg2 $10 Kf7 30. Rd1 Bc4 31. Ne3 Bb3 32. Re1 c4 33. e5
dxe5 34. Bg6+ Kg8 35. Ng4 (35. Bxe8 Rxe8 $10 (35... Rxe8 36. Ng4 Nxd5 37. fxe5
$14 {Riemersma})) 35... Nd3 (35... Red8 36. fxe5 Nxd5 37. e6 $40 {Riemersma})
36. Nxh6+ (36. Bxd3 cxd3 37. Nf6+ Kf7 38. Nxe8 Rxe8 $15) 36... gxh6 37. Bxd3+
Kh8 38. Bg6 Red8 {+- Riemersma} 39. Bd2 $2 (39. Bf7 {>=}) (39. fxe5 {>=} Rxd5 (
39... Rxd5 $18 40. e6 $1 $40 Bb4 (40... Bc5+ 41. Kh2 Bd6+ 42. Kh3 $18) 41. Be4
$1 $18 {Riemersma})) (39. Rxe5 {>=}) 39... Bb4 40. Bc3 $6 (40. Bxb4 axb4 41.
fxe5 Rxd5 42. e6 a3 43. bxa3 bxa3 44. e7 Ba4 45. f4 Rd6 $1 46. f5 c3 {=/+/-/+
Riemersma}) 40... Bxc3 41. bxc3 a3 42. fxe5 Rxd5 43. e6 (43. f4 $5) (43. f4 Rd1
44. Rxd1 Bxd1 45. f5 Bb3 46. f6 (46. Kh2 $2 a2 47. Rg1 Rd8) 46... a2 47. Rxa2
Bxa2 48. e6 Rg8 49. e7 Rxg6+ 50. Kh2 Rxf6 51. e8=Q+ $14 {Riemersma}) 43... Rd1
$1 (43... a2 {/\ 44.e7 Re5!} 44. f4 $1) 44. Rxd1 Bxd1 45. e7 (45. f4 Bb3 46.
Bb1 Rg8 $1 47. f5 Rxg2+ 48. Kxg2 Kg7 49. e7 Kf7 50. f6 Ba4 $19 (50... a4 51.
Bg6+ $1)) 45... Ba4 46. Bf7 {?? Riemersma} (46. f4 Be8 (46... Rb8 $2 47. f5 Rb2
48. f6 a2 49. Rxb2 a1=Q+ 50. Rb1 $18) 47. Bxe8 Rxe8 48. Re2 Kg7 49. Kf2 Kf6 50.
Re5 a4 51. Ra5 $10 {Riemersma}) 46... Rb8 $1 $19 (46... Ra7 47. Re2 (47. e8=Q+
Bxe8 48. Bxe8 Rg7 49. Bg6 Rxg6 50. Rxg6 a2) 47... a2 48. Rxa2 Rxe7 49. Bxc4 Bc6
$10) 47. Re2 Rb1+ 48. Kf2 Rb2 49. Bxc4 Kg7 50. Ke1 Rxe2+ 51. Kxe2 h5 52. Bb3
Bd7 53. Ke3 Kf6 54. Kf4 Bc6 55. c4 Kxe7 56. c5 Be8 0-1

[Event "Candidates final"]
[Site "Kuala Lumpur"]
[Date "1990.03.21"]
[Round "7"]
[White "Timman, Jan H"]
[Black "Karpov, Anatoly"]
[Result "1/2-1/2"]
[WhiteElo "2680"]
[BlackElo "2730"]
[Annotator "Tischbierek,R"]
[PlyCount "86"]
[EventDate "1990.03.??"]
[EventType "match"]
[EventRounds "12"]
[EventCountry "MAS"]
[SourceTitle "Candidates"]
[Source "ChessBase"]
[SourceDate "1999.07.01"]
[SourceVersion "2"]
[SourceVersionDate "1999.07.01"]
[SourceQuality "1"]

1. e4 e5 2. Nf3 Nc6 3. Bb5 a6 4. Ba4 Nf6 5. O-O Be7 6. Re1 b5 7. Bb3 d6 8. c3
O-O 9. h3 Bb7 10. d4 Re8 11. a4 Qd7 12. Nbd2 Bf8 13. axb5 axb5 14. Rxa8 Bxa8 (
14... Rxa8 $2 15. Ng5 Nd8 16. Ndf3 c5 (16... h6 17. Nxf7 Nxf7 18. dxe5) 17.
dxe5 dxe5 18. Qxd7 Nxd7 19. Nxf7 c4 (19... Nxf7 20. Be6) 20. Nxd8 Rxd8 21. Bc2
$18 {_|_ Ivanchuk-Portisch/Linares/1990/}) 15. d5 Ne7 (15... Nd8 {
Kasparov-Karpov(46)/wm Moskau/1984-85/1/2,41/}) (15... Na5 {Kasparov-Karpov(5)/
wm Moskau/1985/0-1,41/}) 16. Nf1 (16. c4 Rb8 $1 (16... bxc4 17. Nxc4 $14 (17.
Ba4 $14)) 17. Re3 (17. c5 c6 $1 $10) 17... c6 $10 {Popovic-Smejkal/Zagreb/1986/
}) 16... h6 17. Ng3 (17. N3h2 c5 (17... c6 18. Ng4 Nxg4 19. hxg4 cxd5 20. exd5
g6 21. g5 hxg5 22. Bxg5 Bg7 23. Qd3 $14 {Gutman}) 18. dxc6 Nxc6 19. Ng4 (19.
Ng3 $5) 19... Nxg4 20. hxg4 b4 $10 {Sokolov-Karpov/Linares/1989/}) 17... c6 18.
dxc6 $14 Bxc6 (18... Nxc6 $14) 19. Nh2 {! van der Wiel /\ 20.Qf3, 21.Bh6, 21.
Ng4} (19. Nh4 d5 (19... g6 $2 20. Qf3) 20. Nf3 Ng6 21. exd5 Bxd5 22. Bc2 Qb7 $1
$10 {van der Wiel}) 19... d5 $6 {[] van der Wiel} 20. Nh5 $1 {-> >>} Nxe4 {
[] van der Wiel} (20... dxe4 21. Nxf6+ gxf6 22. Qh5 Bd5 23. Ng4 $18 Bg7 24.
Bxh6 {van der Wiel}) (20... Nxh5 21. Qxh5 g6 22. Qf3 (22. Qh4 h5 (22... dxe4 $5
23. Ng4 Nf5 $1 24. Nf6+ Kh8 (24... Kg7 $6 25. Bxh6+ $1) 25. Qg4 (25. Nxd7 Nxh4
26. Nxf8 Kg7 $14) 25... Qe7 26. Nxe8 Qxe8 $16 {van der Wiel}) 23. g4 $16 {+/-/}
) (22. Qf3 {/\ 23.Ng4} f5 23. Rd1 $1 $18 Rd8 24. Qg3 $1 fxe4 (24... f4 25. Qd3)
25. Qxe5 {van der Wiel}) (22. Qxe5 $2 Nf5) 22... f5 $5 {+/-/}) 21. Ng4 {
! van der Wiel /\ 22.Ne5, /\ 22.Re4, 23.Nf6} (21. Bxh6 $6 Qf5 $1 22. Be3 g6 $5
23. Ng3 Nxg3 24. fxg3 $13 {van der Wiel}) 21... Qf5 {![] van der Wiel} (21...
Qc7 22. Rxe4 dxe4 23. Nxh6+ gxh6 24. Nf6+ Kh8 (24... Kg7 25. Qh5 Ng6 (25...
Kxf6 $4 26. Qxf7# {van der Wiel}) (25... Ng8 $8 {vgl. 24... Kh8}) 26. Qxh6+
Kxf6 27. Bg5+ Kf5 28. g4#) 25. Qh5 $18 Ng8 26. Nxg8 Kxg8 27. Qg6+ Kh8 28. Bxf7
Bg7 29. Bxh6 Rg8 (29... Qxf7 30. Qxf7 Bxh6 31. Qf6+ {van der Wiel}) 30. Bxg7+
Rxg7 31. Qh6+ Rh7 32. Qf8#) 22. f3 (22. Rxe4 $1 dxe4 23. Ng3 {!! Douven} Qc8 {
[] van der Wiel} (23... Qd7 24. Bxf7+) (23... Qh7 24. Nxe5 {van der Wiel}) 24.
Nxe5 Rd8 (24... Bd5 {Piket} 25. Bxd5 Nxd5 26. Qxd5 Qc7 27. Nc6 (27. Ng4 Rd8 28.
Bf4 {+/-/+- van der Wiel}) 27... e3 28. Ne2 {+/-/+- van der Wiel}) (24... Kh7
25. Nxf7 $1 {/\ 26.Nd6, 26.Qh5} Nf5 26. Ng5+ $1 hxg5 (26... Kh8 27. Qh5 Nxg3
28. Qg6 hxg5 29. fxg3 $18 {/\ 30.Qh5#}) 27. Nxf5 g6 28. Nd6 $1 Bxd6 29. Qxd6 {
/\ 30.Bf7} Qd7 30. Qc5 $1 {+/-/+- van der Wiel}) 25. Qh5 {/\ 26.Nf7} Bd5 26.
Bxd5 Rxd5 27. Qxf7+ Kh7 (27... Kh8 28. Ng6+) 28. Bf4 $16 (28. Bf4 Kh8 29. Nh5
$1 Qf5 30. Qe8 Kh7 31. g4 $1 Qc8 32. Qf7 Rd6 $16 {van der Wiel})) 22... Nxc3 $1
(22... Qxh5 {? van der Wiel} 23. fxe4 $18 (23. fxe4 Kh8 (23... Qh4 24. Nxe5)
24. exd5 {+/-/+- van der Wiel})) 23. bxc3 Qxh5 24. Rxe5 (24. Nxe5 $142 Rc8 25.
Nxc6 Rxc6 26. Qd3 $146 {van der Wiel}) 24... Qh4 {! van der Wiel /\ Nf5} 25.
Be3 (25. Bxh6 gxh6 26. Rh5 Qg3 27. Nf6+ Kg7 $13 {=/+}) (25. Qe2 Ra8 $13 {=/+})
25... Ng6 26. Bf2 Qd8 $10 27. Rxe8 Qxe8 28. Bxd5 h5 {?! van der Wiel} (28...
Nf4 29. Bxc6 Qxc6 30. Qd2 $1 Bd6 $15 {van der Wiel}) 29. Ne3 Nf4 30. Bxc6 Qxc6
31. Bg3 $8 (31. Qd2 $2 Qxc3 $19) 31... Ne6 32. Nd5 Qc4 33. Qd2 Qb3 34. Kh2 Qb1
35. Qe1 Qxe1 36. Bxe1 Bd6+ 37. Bg3 (37. Kg1 $142) 37... Bc5 38. Be1 Kf8 39. g4
hxg4 40. fxg4 Ke8 41. Kg2 Kd7 42. Bg3 Kc6 43. Nb4+ Bxb4 (43... Bxb4 44. cxb4
Kd5 45. h4 (45. Kf3 Ng5+ {van der Wiel}) 45... Kc4 (45... Ke4 $1 $10 {van der
Wiel}) 46. Bd6 {/\ h5, g5, h6}) 1/2-1/2

[Event "NOR-ch"]
[Site "Drammen"]
[Date "1994.??.??"]
[Round "3"]
[White "Gullaksen, Eirik Tvedt"]
[Black "Fyllingen, Roy Harald"]
[Result "1-0"]
[WhiteElo "2370"]
[BlackElo "2330"]
[Annotator "Tisdall,J"]
[PlyCount "85"]
[EventDate "1994.??.??"]
[EventType "swiss"]
[EventRounds "9"]
[EventCountry "NOR"]
[SourceTitle "TD"]
[Source "ChessBase"]
[SourceDate "1994.03.01"]
[SourceVersion "1"]
[SourceVersionDate "1994.03.01"]
[SourceQuality "1"]

{CBM 43} 1. e4 e5 2. Nf3 Nc6 3. Bb5 a6 4. Ba4 Nf6 5. O-O Be7 6. Re1 b5 7. Bb3
d6 8. c3 O-O 9. h3 Nd7 10. d4 Bf6 11. d5 (11. a4 {is considered the most
testing move.}) 11... Ne7 (11... Na5 12. Bc2 Nb6 {is considered equal by
"theory".}) 12. Nbd2 Bb7 13. Nf1 Nc5 $6 {The N is exposed here.} 14. Bc2 c6 $6
15. b4 $1 Na4 (15... Nd7 16. dxc6 {and d6 falls.}) 16. Bxa4 bxa4 17. c4 $1 {
White concentrates on securing his grip on the center and keeping the Bb7
passive.} cxd5 18. cxd5 Qd7 (18... g6 $5 {To play ...Bg7 and ...f5 at any cost
was probably better.}) 19. Ne3 g6 20. Nc4 Rae8 21. Bh6 Bg7 22. Bxg7 Kxg7 23.
Rc1 $1 h6 24. Qc2 $1 {Planning Sb6 and Dc7.} Rc8 25. Qb2 (25. Nb6 Rxc2 26. Nxd7
Rfc8 $1 {allows black to turn the tables.}) 25... Qd8 (25... Rc7 $2 26. Ncxe5
$1 dxe5 27. Qxe5+ {and c7 falls.}) 26. Na5 Rxc1 27. Rxc1 Ba8 28. Qc3 Kg8 $6 {
Black wishes to avoid tactical threats based on Ne5, but in such a difficult
position, the best chance could be to play more provocatively. After} (28... f5
$5 29. Nxe5 $5 {Most critical. The simple alternative is also not completely
convincing:} (29. Nc6 Nxc6 $5 (29... Bxc6 $6 30. dxc6 fxe4 31. Nd2 {and white
is a bit better.}) 30. dxc6 fxe4 31. Nd2 Qh4 $1 {with complications.}) 29...
dxe5 30. Qxe5+ Kg8 (30... Rf6 31. Rc7 Kf7 32. Nc4 {and the threat of d6
appears to win, but black can fight even here:} fxe4 33. d6 Re6 $1 34. Rxe7+
Qxe7 $1 (34... Rxe7 35. dxe7 Qxe7 36. Nd6+ {wins.}) 35. dxe7 Rxe5 36. Nxe5+
Kxe7 37. Nxg6+ Kf6 {and black can create some counterplay on the queenside.})
31. Rc7 Rf7 32. d6 Nc8 33. Qe6 Nxd6 34. Qxg6+ Kf8 35. Qxh6+ Kg8 {is not
completely clear.}) 29. Qe3 $1 Kg7 30. Nd2 $1 {Now white can play f3, which
means the Ba8 is permanently buried.} f5 31. f3 Rf7 32. Ndc4 Nc8 33. Nc6 $1 {
A decisive invasion. Black is cramped and exchanges only give white powerful
passed pawns.} Qe8 34. Nb6 Bb7 35. Na5 Nxb6 36. Qxb6 Bc8 37. Qxd6 fxe4 38. fxe4
Kh7 39. Rc7 Bd7 40. Nc6 Bxc6 41. dxc6 h5 42. Rxf7+ Qxf7 43. Qd7 1-0

[Event "Douglas IoM op"]
[Site "Douglas"]
[Date "2017.09.26"]
[Round "4"]
[White "Bok, Benjamin"]
[Black "Vidit, Santosh Gujrathi"]
[Result "0-1"]
[WhiteElo "2620"]
[BlackElo "2702"]
[Annotator "Vidit,S"]
[PlyCount "80"]
[EventDate "2017.09.23"]
[EventType "swiss"]
[EventRounds "9"]
[EventCountry "IOM"]
[SourceTitle "CBM 181"]
[Source "ChessBase"]
[SourceDate "2017.11.10"]
[SourceVersion "1"]
[SourceVersionDate "2017.11.10"]
[SourceQuality "1"]

{This game was played in the 4th round of the very strong Isle of Man Chess
Open. Benjamin and I are good friends and it was a little uncomfortable to
prepare against him as we knew many of each other's openings! So I decided to
surprise him by playing a line which I had never played before.} 1. e4 e5 2.
Nf3 Nc6 3. Bb5 a6 4. Ba4 Nf6 5. O-O Be7 {Already at this point, he started
thinking. In last few games I had played the Open Spanish so I was pretty sure
he wouldn't expect me to play the Classical Ruy Lopez.} 6. Re1 b5 7. Bb3 d6 8.
c3 O-O 9. h3 Bb7 (9... Na5 10. Bc2 c5 11. d4 Nd7 {I once played this in a
crucial game against GM Sevian in Lake Sevan tournament.}) 10. d4 Re8 11. Ng5 {
I was a bit surprised by this move. Is he really going to repeat this way and
make a draw?} Rf8 12. Nf3 Re8 13. Nbd2 {I was glad in a way that he didn't
repeat and we would have a big fight. On the other hand, I was worried as I
couldn't remember all my lines in this variation. A problem shared by many of
my colleagues :)} Bf8 14. a3 g6 15. d5 {I was surprised by this move. Although
over the board it seemed quite sensible. Usually, in such lines white tries to
play with more flexibility.} Nb8 (15... Na5 16. Bc2 $1 (16. Ba2 c6 17. b4 cxd5
18. bxa5 dxe4 {I was seduced by this line, but couldn't find an antidote for
Bc2}) 16... c6 17. b4 Nc4 18. Nxc4 bxc4 19. dxc6 Bxc6 20. Bg5 {with a dream
Spanish}) (15... Ne7 16. Nf1 Bg7 17. Bg5 h6 18. Bxf6 Bxf6 19. Ne3 {What is the
knight doing on e7?}) 16. Nf1 Nbd7 17. Ba2 (17. Bg5 h6 18. Bh4 c6 19. Ne3 Be7
$132) 17... Nc5 {Not the best. In hindsight, I feel that ...Rc8 is the most
harmonious.} (17... c6 $2 18. dxc6 Bxc6 19. Ng5 {is a nasty trick}) (17... Rc8
$5 {An interesting move which didn't occur to me during the game. Black plans
to play c6 in few lines and take with the rook! In fact this was played back
in 2003 by Sulskis.} 18. Ng3 (18. N3h2 Nh5 19. Ng4 Nf4 20. Qf3 h5 $15 {1-0 (46)
Short,N (2690)-Sulskis,S (2567) Catalan Bay 2003}) 18... c6 19. dxc6 Rxc6 20.
Ng5 Re7 {and now d6 is protected.}) (17... a5 18. Ng3) 18. Ng3 {Inaccurate as
the ideal place for the knight would be on e3 after Black eventually plays ...
c6.} (18. Bg5 $1 {This move concerned me during the game. White gives up his
bishop but delays Black's active counterplay with ...c6.} Be7 (18... c6 19. b4
Ncd7 20. dxc6 Bxc6 21. N3d2 {followed by Ne3 looks very pleasant for White.})
19. Bxf6 Bxf6 20. b4 Na4 21. c4 {The bishop on b7 makes a sad impression!})
18... c6 $1 {After this, I realized that Black is completely fine as, after
the opening up of the centre, his pieces will be ideally placed.} 19. Bg5 (19.
b4 Na4) 19... cxd5 20. Bxf6 Qxf6 21. Bxd5 Bxd5 22. Qxd5 {It looks like White
has the d5-square and the position is reminiscent of a Najdorf variation.
White would be better if he could get his knight to e3 but as the game shows
Black has active counterplay} Na4 (22... Qe6 {challenging the d5-square
immediately is probably wiser} 23. Rad1 Qxd5 24. Rxd5 f6 $15 {followed by
Kf7-e6.}) 23. Qd2 (23. Re2 Nb6 24. Qb3 Qe6 25. Qc2 Bh6 26. Rd1 Rad8 27. Ree1 f6
{is also very comfortable for Black.}) 23... Rad8 24. Nf1 {Obvious but slow!
Benjamin underestimated Black's initiative after the opening of the center. I
felt a rush of excitement after this move as my hands were itching to push the
d-pawn!!} (24. Rad1 {was necessary} Qe6 (24... Nb6 25. Qe3 Nc4 26. Qe2 Qe6 27.
Rd3) 25. Qc2 Bg7 26. Rd3 Nb6 27. Red1 Rd7 {Black is better but completely
tenable.}) 24... d5 $1 {Thematic! This reminded me of a Najdorf game
Caruana-MVL.} 25. exd5 e4 $1 (25... Nb6 26. Ne3 h5 27. Rad1 Bc5 28. Qc2 Bxe3
29. Rxe3 Rxd5 30. Rxd5 Nxd5 31. Re1) 26. N3h2 (26. Nd4 {is probably more
tenacious:} Rxd5 27. Ne3 Rd6 $17 {followed by Qd8-f5.}) 26... Qd6 27. Rad1 f5
$1 (27... Nc5 {I was confused between this and the text move. White has more
defensive chances here and my judgment turned out to be right :)} 28. b4 Nd3
29. Rxe4 Rxe4 30. Qxd3 f5 31. Ne3 $15) 28. g4 Nc5 {Now it becomes clear that
once the knight comes to d3 the white pieces will start to suffocate.} (28...
f4 29. Qc2 (29. g5 Qe5 $1 30. h4 Qf5) 29... Nc5 30. b4 Nd3 31. Rxe4 Rxe4 32.
Rxd3 Re5 33. c4 bxc4 34. Qxc4 Rxd5 35. Nf3 Kg7 36. Rxd5 Qxd5 37. Qxf4) 29. gxf5
gxf5 30. Ng3 (30. Qg5+ Qg6 31. Qxg6+ hxg6 $19) 30... Nd3 $1 (30... e3 {was
also possible but less clean:} 31. Qd4 exf2+ 32. Kxf2 (32. Qxf2 Rxe1+ 33. Qxe1
Qg6 34. Kh1 f4 $1 $19) 32... Re4 $1) 31. Nxf5 (31. Rf1 Qg6 32. Kh1 Bc5 (32...
f4 $19 33. Rg1 Kh8)) 31... Qg6+ 32. Ng3 Bc5 (32... Nxe1 {of course I can't
give up the pride of my position!}) 33. Re3 Bxe3 (33... Rxd5 34. Ng4 Bxe3 35.
Nxe3 Rd7 36. Kh2 Rf8) 34. Qxe3 Rxd5 35. Ng4 {Tricky, but not good enough! I
had seen this try when I played ...Bc5.} (35. h4 Rf5) 35... h5 36. Nxe4 hxg4
37. Nf6+ Qxf6 38. Qxe8+ Kg7 39. Qe3 gxh3 $1 40. Kh2 (40. Kf1 Nxf2 (40... Qg6
41. Qe7+ Kg8) 41. Qa7+ Kg6 42. Rxd5 h2 $19) (40. Rxd3 Qg6+ {is the point.})
40... Qd6+ (40... Nxf2 41. Qa7+ Kh6 42. Rxd5 Qf4+ {was the quickest :)}) (40...
Qd6+ 41. Qg3+ Qxg3+ 42. fxg3 Nf4 43. Rxd5 Nxd5 44. Kxh3 Ne3 45. b3 a5 $19) 0-1